000 00204nam a22000857a 4500
008 170131b xxu||||| |||| 00| 0 eng d
100 _92688
_aVriesenga.D.
245 _aLife Science-5-8
260 _aUSA
_bCD
_c1990
999 _c5849
_d5849